00441nam a2200133Ia 4500008004100000100001800041245008900059245001800148260005300166260001800219300000800237650001500245856004700260170221s9999 xx 000 0 und d aTarek Ben Ali aUniversity and Entrepreneurship: An Empirical Investigation in the Tunisian Context  cTarek Ben Ali bInternational Review of Management and Marketing cDecember 2016 a5:4 xMarketing. uhttp://www.econjournals.com/index.php/irmm